[Event "32. Kieler Open 2019 B-Open"]
[Site "Kiel"]
[Date "2019.08.02"]
[Round "9.16"]
[White "Tran, Duc Huy"]
[Black "Zielke, Bernd"]
[Result "1/2-1/2"]
[WhiteElo "1451"]
[BlackElo "1707"]
[Annotator "PH"]
[PlyCount "144"]
[EventDate "2019.??.??"]

1. c4 e5 2. Nc3 c6 3. g3 Nf6 4. Bg2 Be7 5. e3 O-O 6. Nge2 d6 7. O-O Na6 8. a3
Nc7 9. d4 exd4 10. exd4 d5 11. c5 Bf5 12. Bf4 Ne6 13. Re1 h6 14. Qb3 Qd7 15.
Be3 Ng4 16. Nf4 Nxe3 17. fxe3 Nxf4 18. exf4 Bf6 19. Qd1 Rfe8 20. Qd2 Rxe1+ 21.
Rxe1 Re8 22. Rxe8+ Qxe8 23. b4 Qe7 24. h3 h5 25. Kh2 g5 26. Qf2 Qe6 27. Qd2 g4
28. h4 Bd8 29. Bf1 Kg7 30. Kg1 Kf6 31. Kf2 Ke7 32. Qe3 Qxe3+ 33. Kxe3 Bc2 34.
Kd2 Bf5 35. Ke3 Kf6 36. Bd3 Be6 37. Ke2 Bc7 38. Ke3 Bd7 39. Bc2 Ke6 40. Bd3 Kf6
41. Bc2 a5 42. Na4 axb4 43. axb4 Bf5 44. Bd1 Be4 45. Bb3 Ke6 46. Bd1 f5 47. Bb3
Kd7 48. Nb2 Ke7 49. Nd3 Bxd3 50. Kxd3 b6 51. Ke3 bxc5 52. dxc5 Ke6 53. Kd3 Bd8
54. Ba4 Kd7 55. b5 cxb5 56. Bxb5+ Ke6 57. Be8 Be7 58. c6 Bd8 59. Bd7+ Kd6 60.
Bxf5 Kxc6 61. Bg6 Bb6 62. Ke2 Kd6 63. Bxh5 Ke6 64. Bg6 Kf6 65. f5 Bd4 66. Bh7
Be5 67. h5 d4 68. Bg6 Bxg3 69. h6 Be5 70. h7 Kg5 71. Kf2 Kh6 72. Kg2 Kg5
1/2-1/2

[Event "32. Kieler Open 2019 B-Open"]
[Site "Kiel"]
[Date "2019.08.02"]
[Round "9.17"]
[White "Gerigk, Daniel"]
[Black "Hogreve, Holger"]
[Result "1-0"]
[WhiteElo "1701"]
[BlackElo "1434"]
[Annotator "PH"]
[PlyCount "87"]
[EventDate "2019.??.??"]
[WhiteTeam "Schachsportfreunde Bonn"]
[BlackTeam " Eckernförder SC"]

1. e4 g6 2. d4 Bg7 3. Nf3 d6 4. Bc4 c5 5. O-O cxd4 6. Nxd4 Qb6 7. c3 Nf6 8. Re1
Nc6 9. b3 O-O 10. h3 Ne5 11. Bf1 Bd7 12. Be3 Qd8 13. Nd2 Rc8 14. Rc1 a6 15. f4
Nc6 16. N4f3 Re8 17. Nc4 Rf8 18. Bb6 Qe8 19. Qd2 Be6 20. Ng5 Bxc4 21. Bxc4 e6
22. Qxd6 h6 23. Nxe6 fxe6 24. Bxe6+ Kh7 25. Bxc8 Qxc8 26. e5 Ne8 27. Qd2 h5 28.
c4 Rf5 29. Qe3 Bh6 30. g3 h4 31. Qf3 hxg3 32. Re4 Rh5 33. Rd1 Qxh3 34. Rd2 Qf5
35. e6 Nf6 36. Re1 Bxf4 37. e7 Ne5 38. Qxb7 Kh6 39. Be3 Nf3+ 40. Qxf3 Ne8 41.
Bxf4+ g5 42. Qc6+ Kg7 43. Be5+ Kf7 44. Rf1 1-0

[Event "32. Kieler Open 2019 B-Open"]
[Site "Kiel"]
[Date "2019.08.02"]
[Round "9.18"]
[White "Reimer, Eugen"]
[Black "Sari, Onur"]
[Result "1-0"]
[WhiteElo "1554"]
[BlackElo "1162"]
[Annotator "PH"]
[PlyCount "89"]
[EventDate "2019.??.??"]

1. e4 c5 2. d3 Nc6 3. Nd2 g6 4. g3 Bg7 5. Bg2 e6 6. f4 Nge7 7. e5 O-O 8. Ngf3
f6 9. exf6 Bxf6 10. c3 d5 11. O-O b6 12. Re1 Re8 13. Nf1 Qc7 14. Ne3 Bb7 15.
Ng4 Bg7 16. Ng5 e5 17. Ne6 Qd7 18. Nxg7 Kxg7 19. fxe5 Nf5 20. Nf6 Qc7 21. Bf4
Nxe5 22. Nxe8+ Rxe8 23. d4 cxd4 24. cxd4 Kf7 25. Rxe5 Qd7 26. Rxe8 Qxe8 27. Qd3
Qd7 28. Bh3 Bc8 29. Bxf5 gxf5 30. Rf1 Kg8 31. Be5 a5 32. Qe3 Qe7 33. Qh6 b5 34.
Qf6 Qxf6 35. Bxf6 Kf7 36. Be5 Kg6 37. Rc1 Bd7 38. Kf2 a4 39. a3 h5 40. h4 Be8
41. Kf3 Bd7 42. Kf4 Kh6 43. Bg7+ Kg6 44. Ke5 Kxg7 45. Rc7 1-0

[Event "32. Kieler Open 2019 B-Open"]
[Site "Kiel"]
[Date "2019.08.02"]
[Round "9.19"]
[White "Malinowsky, Levi"]
[Black "Christensen, Mats"]
[Result "1-0"]
[WhiteElo "1418"]
[BlackElo "1543"]
[Annotator "PH"]
[PlyCount "49"]
[EventDate "2019.??.??"]

1. e4 e6 2. d4 d5 3. exd5 exd5 4. Qf3 Nf6 5. h3 Be7 6. Bd3 O-O 7. Be3 Nbd7 8.
Nc3 c6 9. O-O-O b5 10. g4 b4 11. Nce2 Nb6 12. g5 Ne8 13. Qh5 g6 14. Qh6 Ng7 15.
Ng3 Nc4 16. Nf3 Qa5 17. Kb1 Rb8 18. h4 Rb6 19. h5 Ra6 20. Bxc4 dxc4 21. hxg6
Qxa2+ 22. Kc1 fxg6 23. Qxh7+ Kf7 24. Qxg6+ Kxg6 25. Ne5# 1-0

[Event "32. Kieler Open 2019 B-Open"]
[Site "Kiel"]
[Date "2019.08.02"]
[Round "9.20"]
[White "Astaev, Tobias"]
[Black "Woltmann, Peter"]
[Result "1/2-1/2"]
[WhiteElo "1202"]
[BlackElo "1523"]
[Annotator "PH"]
[PlyCount "51"]
[EventDate "2019.??.??"]

1. e4 c5 2. Nf3 Nc6 3. d4 cxd4 4. Nxd4 g6 5. Nc3 Bg7 6. Be3 d6 7. Bb5 Bd7 8.
O-O a6 9. Bxc6 bxc6 10. Nde2 Nf6 11. Qd2 O-O 12. Bh6 c5 13. Bxg7 Kxg7 14. f4
Bc6 15. Ng3 Qc7 16. Nd5 Nxd5 17. exd5 Bb5 18. Rfe1 f5 19. a4 Be8 20. Qc3+ Kg8
21. b4 Rf7 22. bxc5 Rc8 23. c6 Qb6+ 24. Qe3 Qb2 25. Qb3 Qd4+ 26. Kh1 1/2-1/2

[Event "32. Kieler Open 2019 B-Open"]
[Site "Kiel"]
[Date "2019.08.02"]
[Round "9.21"]
[White "Wellßow, Lio Keanu"]
[Black "Solodky, Willy"]
[Result "1/2-1/2"]
[WhiteElo "1184"]
[BlackElo "1483"]
[Annotator "PH"]
[PlyCount "24"]
[EventDate "2019.??.??"]

1. d4 d5 2. e3 Nf6 3. c4 e6 4. c5 c6 5. b4 a5 6. b5 cxb5 7. Bxb5+ Bd7 8. a4 Nc6
9. Ne2 Be7 10. O-O O-O 11. Qd3 Na7 12. Nbc3 Bc6 1/2-1/2

[Event "32. Kieler Open 2019 B-Open"]
[Site "Kiel"]
[Date "2019.08.02"]
[Round "9.22"]
[White "Diederichs, Karl"]
[Black "Salwasser, Andrej"]
[Result "1-0"]
[WhiteElo "1445"]
[BlackElo "1287"]
[Annotator "PH"]
[PlyCount "91"]
[EventDate "2019.??.??"]

1. d4 d5 2. e3 e6 3. Bd3 Nf6 4. Nd2 Be7 5. f4 h6 6. Ngf3 Nc6 7. c3 a6 8. Ne5
O-O 9. O-O Nd7 10. Rf3 f5 11. Rh3 Ndxe5 12. fxe5 Bg5 13. Nf3 Be7 14. Qe1 Qe8
15. Qg3 Nd8 16. Rxh6 Nf7 17. Rg6 Ng5 18. Rxg5 Bxg5 19. Nxg5 Qg6 20. Bd2 Bd7 21.
Qh4 Be8 22. Be2 Bb5 23. Bh5 Qh6 {=} 24. Be1 Be8 25. Bf3 Qxh4 26. Bxh4 Bd7 27.
Bh5 Kh8 28. Bf7 f4 29. exf4 g6 30. g3 Kg7 31. Bxe6 Bc6 32. Bg4 Kh6 33. Ne6 Rf7
34. Ng5 Rff8 35. e6 a5 36. e7 Rg8 37. Be6 Rg7 38. Nf7+ Kh5 39. Bf6 Rxf7 40.
Bxf7 Bd7 41. Re1 Be8 42. Bxe8 Rxe8 43. Re5+ Kg4 44. Rxd5 b6 45. Kg2 g5 46.
Rxg5# 1-0

[Event "32. Kieler Open 2019 B-Open"]
[Site "Kiel"]
[Date "2019.08.02"]
[Round "9.24"]
[White "Möller, Rainer"]
[Black "Turp, Hüseyin"]
[Result "0-1"]
[WhiteElo "1349"]
[BlackElo "1620"]
[Annotator "PH"]
[PlyCount "90"]
[EventDate "2019.??.??"]

1. e4 c6 2. d4 d5 3. Nc3 Nf6 4. Bd3 e6 5. e5 Nfd7 6. Nf3 c5 7. Be3 Nc6 8. Bb5
a6 9. Bxc6 bxc6 10. O-O cxd4 11. Bxd4 Rb8 12. b3 Qa5 13. Ne2 c5 14. Bc3 Qb5 15.
a4 Qb6 16. Rb1 Be7 17. Ng3 Bb7 18. Bd2 Qc7 19. Re1 Qd8 20. Bf4 g5 21. Bc1 h5
22. Qd2 h4 23. Nf1 Rh5 24. g4 d4 25. gxh5 Bxf3 26. h6 Kf8 27. Qd3 Kg8 28. Qxf3
Qf8 29. Qh5 Kh7 30. Bxg5 Qg8 31. Re4 Qxg5+ 32. Qxg5 Bxg5 33. f4 Bxh6 34. Nd2
Rg8+ 35. Kh1 Nb6 36. Rf1 Nd5 37. Nc4 h3 38. Rf3 Rg2 39. Rxh3 Rxc2 40. Nd6 Ne3
41. Rxh6+ Kxh6 42. Nxf7+ Kg7 43. h4 Kxf7 44. h5 Rb2 45. f5 Nxf5 0-1

[Event "32. Kieler Open 2019 B-Open"]
[Site "Kiel"]
[Date "2019.08.02"]
[Round "9.25"]
[White "Kageler, Anton Paul"]
[Black "Kathage, Holger"]
[Result "1-0"]
[WhiteElo "1601"]
[BlackElo "1662"]
[Annotator "PH"]
[PlyCount "93"]
[EventDate "2019.??.??"]

1. e4 c5 2. Nf3 d6 3. d4 cxd4 4. Nxd4 a6 5. Nc3 Nf6 6. Be3 Ng4 7. Bg5 h6 8. Bh4
g5 9. Bg3 Bg7 10. Be2 Nf6 11. Qd2 Nbd7 12. Nf5 Bf8 13. O-O-O Nc5 14. f3 Bxf5
15. exf5 Nh5 16. Bf2 Bg7 17. h4 Nf4 18. hxg5 hxg5 19. Rxh8+ Bxh8 20. Bc4 b5 21.
Bxf7+ Kxf7 22. Bxc5 Bxc3 23. bxc3 Qa5 24. Bd4 Qxa2 25. Qf2 Qc4 26. Kd2 Rc8 27.
Rh1 Ke8 28. Rh8+ Kd7 29. Rh7 Kc6 30. Qe1 b4 31. Qe4+ Nd5 32. cxb4 Qxb4+ 33. Ke2
Qc4+ 34. Kf2 Kb5 35. Kg1 Qa2 36. Qd3+ Qc4 37. Qe4 Qa2 38. c3 Qc4 39. Rg7 Rb8
40. Rxg5 Ka4 41. Rg4 Ka3 42. Qc2 Rb2 43. Bc5+ Ka2 44. Qxb2+ Kxb2 45. Rxc4 dxc5
46. Rxc5 Nxc3 47. Ra5 1-0

[Event "32. Kieler Open 2019 B-Open"]
[Site "Kiel"]
[Date "2019.08.02"]
[Round "9.26"]
[White "Malinowsky, Celina"]
[Black "Kaminski, Thorsten"]
[Result "1/2-1/2"]
[WhiteElo "1109"]
[BlackElo "1401"]
[Annotator "PH"]
[PlyCount "57"]
[EventDate "2019.??.??"]

1. e4 e6 2. d4 d5 3. exd5 exd5 4. Bd3 Nf6 5. Bf4 Bd6 6. Bg3 O-O 7. Ne2 Re8 8.
O-O Bg4 9. f3 Be6 10. c3 c5 11. Nd2 c4 12. Bc2 Nc6 13. Bh4 Be7 14. Qb1 Kh8 15.
Bxf6 Bxf6 16. Re1 Re7 17. Nf4 Qd7 18. Re2 Rae8 19. b3 b5 20. b4 g6 21. Qe1 Bg5
22. Qg3 Bxf4 23. Qxf4 Kg8 24. Rae1 Qc7 25. Qxc7 Rxc7 26. a4 a6 27. a5 Rce7 28.
Kf2 {=} 28... Kf8 29. Nf1 1/2-1/2

[Event "32. Kieler Open 2019 B-Open"]
[Site "Kiel"]
[Date "2019.08.02"]
[Round "9.27"]
[White "Neubert, Conrad"]
[Black "Klich, Mirko"]
[Result "1-0"]
[WhiteElo "1094"]
[BlackElo "1294"]
[Annotator "PH"]
[PlyCount "77"]
[EventDate "2019.??.??"]

1. d4 d6 2. e4 Nf6 3. Nc3 Nbd7 4. Nf3 e5 5. Bc4 h6 6. O-O Be7 7. dxe5 dxe5 8.
Nh4 O-O 9. Ng6 b6 10. Nxf8 Qxf8 11. Bb5 Nc5 12. Bc6 Rb8 13. f4 Bg4 14. Qe1 exf4
15. Bxf4 a6 16. h3 Be6 17. Nd5 Ncxe4 18. Nxe7+ Qxe7 19. Bxe4 Qc5+ 20. Kh1 Nxe4
21. Qxe4 Bf5 22. Qe5 Qxc2 23. Qxc7 Rc8 24. Qxc2 Rxc2 25. Rad1 Rxb2 26. Bxh6 g6
27. Rd2 Rb4 28. g4 Be6 29. Bg5 f5 30. Rc1 Rc4 31. Rxc4 Bxc4 32. gxf5 gxf5 33.
Kh2 b5 34. a3 a5 35. Rd7 b4 36. axb4 axb4 37. Bf6 b3 38. Rg7+ Kf8 39. Kg3 1-0

[Event "32. Kieler Open 2019 B-Open"]
[Site "Kiel"]
[Date "2019.08.02"]
[Round "9.28"]
[White "Bunke, Mike"]
[Black "Lawrenz, Norbert"]
[Result "1/2-1/2"]
[WhiteElo "1597"]
[BlackElo "1434"]
[Annotator "PH"]
[PlyCount "40"]
[EventDate "2019.??.??"]

1. c4 c5 2. g3 g6 3. Bg2 Bg7 4. Nc3 Nc6 5. d3 d6 6. Nf3 Nf6 7. O-O O-O 8. h3 h6
9. a3 e5 10. Rb1 Rb8 11. b4 cxb4 12. axb4 a6 13. b5 axb5 14. Nxb5 d5 15. Ba3
Re8 16. Nd6 Re6 17. Nb5 Bf8 18. cxd5 Nxd5 19. Bb2 Bg7 20. Qb3 Nc7 1/2-1/2

[Event "32. Kieler Open 2019 B-Open"]
[Site "Kiel"]
[Date "2019.08.02"]
[Round "9.29"]
[White "Priemer, Sören Gregor"]
[Black "Friedrich, Heike"]
[Result "1/2-1/2"]
[WhiteElo "1393"]
[BlackElo "1155"]
[Annotator "PH"]
[PlyCount "126"]
[EventDate "2019.??.??"]

1. e4 e5 2. Nf3 Nc6 3. d4 exd4 4. Nxd4 Bc5 5. Be3 d6 6. Bb5 Bd7 7. O-O Nf6 8.
Nc3 O-O 9. Nxc6 Bxc6 10. Bxc6 bxc6 11. Bxc5 dxc5 12. Re1 Re8 13. Qe2 Qd4 14.
Qf3 Re7 15. Rad1 Qe5 16. b3 Rae8 17. Re2 Re6 18. Rde1 h6 19. h3 Nh7 20. Qd3 Qd4
21. Kf1 Rd6 22. Rd2 Ng5 23. f3 Ne6 24. Red1 Red8 25. Qxd4 Rxd4 26. Ke1 Nf4 27.
Rxd4 cxd4 28. Ne2 Nxg2+ 29. Kf2 Ne3 30. Rxd4 Nd1+ 31. Ke1 Rxd4 32. Nxd4 Ne3 33.
Ke2 Ng2 34. Kf2 Nf4 35. Nxc6 Nxh3+ 36. Kg3 Ng5 37. Nxa7 Ne6 38. Nb5 f6 39. a4
c6 40. Na3 Nc7 41. b4 Na6 42. b5 cxb5 43. axb5 Nb8 44. c4 Kf7 45. b6 Ke7 46.
Kf4 Kd6 47. Nb5+ Kc6 48. Nc7 Kxb6 49. Ne8 g5+ 50. Kf5 Nc6 51. Nxf6 Nd4+ 52. Kg4
Nc6 53. Ng8 Ne5+ 54. Kh5 Nxf3 55. Nxh6 Kc6 56. Nf7 Kc5 57. Nxg5 Ne5 58. Ne6+
Kxc4 59. Kg5 Kd3 60. Kf5 Nc4 61. Nc5+ Kd4 62. Nb7 Ke3 63. e5 Nxe5 1/2-1/2

[Event "32. Kieler Open 2019 B-Open"]
[Site "Kiel"]
[Date "2019.08.02"]
[Round "9.30"]
[White "Brühl, Rainer"]
[Black "Lauzening, Rene"]
[Result "0-1"]
[WhiteElo "1353"]
[BlackElo "1047"]
[Annotator "PH"]
[PlyCount "48"]
[EventDate "2019.??.??"]

1. d4 e6 2. Bf4 d5 3. e3 g5 4. Bg3 h5 5. h4 g4 6. Nc3 f5 7. Be5 Nf6 8. Nb5 Na6
9. Ne2 c6 10. Nbc3 Bh6 11. Ng3 O-O 12. Bxf6 Rxf6 13. Nxh5 Rg6 14. Nf4 Rg7 15.
Bxa6 bxa6 16. Nce2 Qd6 17. Qd2 c5 18. c3 c4 19. Ng3 e5 20. Nxf5 Bxf5 21. dxe5
Qxe5 22. Nxd5 Rd7 23. Nf6+ Qxf6 24. Qe2 Qe6 0-1

[Event "32. Kieler Open 2019 B-Open"]
[Site "Kiel"]
[Date "2019.08.02"]
[Round "9.31"]
[White "Stolzenwald, Frank"]
[Black "Schulz, Jale"]
[Result "1-0"]
[WhiteElo "1307"]
[BlackElo "933"]
[Annotator "PH"]
[PlyCount "75"]
[EventDate "2019.??.??"]

1. e4 e5 2. Nf3 Nc6 3. Bb5 Bd6 4. Bxc6 bxc6 5. d4 f6 6. dxe5 fxe5 7. Bg5 Nf6 8.
Bxf6 Qxf6 9. Nbd2 Bc5 10. Nc4 d6 11. a3 g5 12. b4 Bd4 13. Nxd4 exd4 14. Qd3 Ba6
15. Rd1 Rf8 16. O-O c5 17. g3 Bb7 18. f4 g4 19. e5 Qh6 20. Na5 Bd5 21. c4 Bf3
22. Rxf3 gxf3 23. Qxf3 Rc8 24. Qc6+ Ke7 25. bxc5 Rf5 26. exd6+ Kf7 27. Qd7+ Kf6
28. Qxf5+ Kxf5 29. d7 Rd8 30. Rxd4 Qh3 31. Nb7 Ke6 32. Nxd8+ Kf5 33. Nc6 Kg4
34. d8=Q Kf3 35. Ne5+ Ke3 36. Qd5 Qf5 37. Ng4+ Qxg4 38. Qe4# 1-0